| 000 | 005780000a22001810004500 | ||
|---|---|---|---|
| 003 | MACL | ||
| 005 | 20160221132536.0 | ||
| 008 | 160221b xxu||||| |||| 00| 0 eng d | ||
| 040 |
_aMACL _cMACL |
||
| 041 | _aHindi | ||
| 082 | _a380 | ||
| 100 |
_aडॉ एस सी सक्सेना _939459 |
||
| 245 | _aव्यापार पद्धति एवं पत्र व्यवहार | ||
| 260 |
_bमानकचन्द बुक डिपो _c1968 _aउज्जैन |
||
| 350 | _a6 | ||
| 650 |
_aCommerce _939460 |
||
| 942 |
_cHIN _k380 _2ddc |
||
| 999 |
_c25806 _d25806 |
||